[Event "Campeonato de Australia 2007-2008"]
[Site "Parramatta AUS"]
[Date "2008.01.03"]
[Round "3.8"]
[White "Goldenberg, Igor"]
[Black "Yu, Ronald"]
[Result "1-0"]
[WhiteElo "2395"]
[BlackElo "2212"]
[PlyCount "129"]
[EventDate "2008.01.02"]
[EventType "swiss"]
[EventRounds "11"]
[EventCountry "AUS"]
[Source "lmi"]
[SourceDate "2008.01.02"]

1. c4 Nf6 2. Nf3 d5 3. d4 c6 4. Nc3 e6 5. e3 Nbd7 6. Bd3 Bd6 7. O-O O-O 8. b3
e5 9. cxd5 cxd5 10. Nb5 Bb8 11. dxe5 Nxe5 12. Be2 Nxf3+ 13. Bxf3 a6 14. Nd4 Qd6
15. g3 Bh3 16. Re1 Ba7 17. Bb2 Rac8 18. Ne2 Rfd8 19. Bd4 Bxd4 20. Nxd4 Be6 21.
Qd2 Rc7 22. Rac1 Rdc8 23. Ne2 Bg4 24. Rxc7 Rxc7 25. Bxg4 Nxg4 26. Rd1 Rd7 27.
Kg2 Nf6 28. Nc3 Qb4 29. Qd4 Qxd4 30. Rxd4 Kf8 31. Kf1 Ke7 32. Ke2 Ke6 33. Kd2
Rc7 34. f3 Rd7 35. Ne2 g5 36. Rb4 b5 37. Nc3 Kd6 38. Rd4 Kc5 39. a3 Rd6 40. Kd3
Kc6 41. Kc2 Re6 42. Rd3 Re8 43. Kd2 Re7 44. h3 h5 45. Rd4 Re8 46. Ne2 g4 47.
hxg4 hxg4 48. Rf4 Nd7 49. Rxg4 Kd6 50. Rh4 Rg8 51. Rh6+ f6 52. Nd4 Ke5 53. g4
Kd6 54. Rh7 Rf8 55. Kc3 Re8 56. Kb4 Kc7 57. Nf5 Kc6 58. Ne7+ Kd6 59. Nxd5 a5+
60. Kxa5 Kc5 61. Nc7 Rxe3 62. Rxd7 Rxb3 63. Ne6+ Kc4 64. Rd4+ Kc3 65. Rd3+ 1-0

[Event "Campeonato de Australia 2007-2008"]
[Site "Parramatta AUS"]
[Date "2008.01.03"]
[Round "3.9"]
[White "Sales, Jesse Noel"]
[Black "Charles, Gareth"]
[Result "1-0"]
[WhiteElo "2126"]
[BlackElo "2180"]
[PlyCount "153"]
[EventDate "2008.01.02"]
[EventType "swiss"]
[EventRounds "11"]
[EventCountry "AUS"]
[Source "lmi"]
[SourceDate "2008.01.02"]

1. Nf3 d5 2. d4 Nf6 3. c4 dxc4 4. e3 e6 5. Bxc4 c5 6. Qe2 a6 7. dxc5 Bxc5 8.
Nbd2 Nc6 9. O-O O-O 10. Nb3 Be7 11. e4 e5 12. Rd1 Qc7 13. h3 b5 14. Bd5 Bb7 15.
Be3 Rac8 16. Rac1 Qb8 17. Nc5 Bxc5 18. Bxc5 Rfd8 19. Ng5 Rd7 20. a4 Nxd5 21.
exd5 Na5 22. Qe4 g6 23. Qh4 f5 24. Rc3 Nc4 25. Rg3 Rxc5 26. Nxh7 Rxh7 27. Rxg6+
Rg7 28. Rxg7+ Kxg7 29. Qe7+ Kg8 30. Qxc5 Qd6 31. b4 Qxc5 32. bxc5 Bc8 33. axb5
axb5 34. Rb1 Bb7 35. c6 Ba6 36. Ra1 Bc8 37. Ra7 Nd6 38. Kf1 b4 39. Ke1 b3 40.
Kd2 f4 41. Ra8 Kg7 42. Rb8 Kf6 43. Kc3 e4 44. Kd4 e3 45. fxe3 Nf5+ 46. Kc3 fxe3
47. Rxb3 Ke5 48. Rb8 Nd6 49. Kd3 Kxd5 50. Kxe3 Kxc6 51. Kf4 Kd5 52. g4 Ke6 53.
h4 Kf7 54. h5 Kg7 55. g5 Bb7 56. Rd8 Nf7 57. Rd7 Bc8 58. Rc7 Be6 59. g6 Kg8 60.
Re7 Bc4 61. gxf7+ Bxf7 62. Kg5 Bc4 63. Rd7 Bb3 64. Kf6 Bc2 65. Rd2 Be4 66. Rb2
Bd3 67. Rb7 Be2 68. Kg6 Bd3+ 69. Kh6 Be4 70. Rg7+ Kh8 71. Re7 Bd5 72. Kg6 Bc4
73. Rh7+ Kg8 74. Rd7 Kh8 75. h6 Bb3 76. h7 Bc2+ 77. Kh6 1-0

[Event "Campeonato de Australia 2007-2008"]
[Site "Parramatta AUS"]
[Date "2008.01.03"]
[Round "3.10"]
[White "Stojic, Dusan"]
[Black "Rej, Tomek"]
[Result "0-1"]
[WhiteElo "2155"]
[BlackElo "2283"]
[PlyCount "76"]
[EventDate "2008.01.02"]
[EventType "swiss"]
[EventRounds "11"]
[EventCountry "AUS"]
[Source "lmi"]
[SourceDate "2008.01.02"]

1. e4 e5 2. Nf3 Nc6 3. Bb5 a6 4. Ba4 Nf6 5. O-O Be7 6. Re1 b5 7. Bb3 d6 8. c3
O-O 9. h3 Nb8 10. d4 Nbd7 11. Nbd2 Bb7 12. Bc2 Re8 13. Nf1 d5 14. exd5 exd4 15.
Nxd4 Nxd5 16. Nf5 Bf6 17. Rxe8+ Qxe8 18. N1g3 Rd8 19. Nh5 Ne5 20. Nxf6+ Nxf6
21. Qf1 Ne4 22. Bf4 Nd2 23. Bxd2 Rxd2 24. Nd4 Qd8 25. Qe1 Qd5 26. f3 Nxf3+ 27.
Nxf3 Qc5+ 28. Nd4 Rxg2+ 29. Kf1 Qc4+ 30. Ne2 Qc6 31. Nd4 Rg1+ 32. Ke2 Qg2+ 33.
Kd3 Rxe1 34. Rxe1 Qxh3+ 35. Re3 Qf1+ 36. Kd2 Qf2+ 37. Kd3 g6 38. Bb3 c5 0-1

[Event "Campeonato de Australia 2007-2008"]
[Site "Parramatta AUS"]
[Date "2008.01.03"]
[Round "3.11"]
[White "Illingworth, Max"]
[Black "Yadao, Israel"]
[Result "1-0"]
[WhiteElo "2201"]
[BlackElo "2266"]
[PlyCount "122"]
[EventDate "2008.01.02"]
[EventType "swiss"]
[EventRounds "11"]
[EventCountry "AUS"]
[Source "lmi"]
[SourceDate "2008.01.02"]

1. d4 e6 2. c4 Nc6 3. Nc3 d5 4. Nf3 Nf6 5. Bg5 Be7 6. e3 Ne4 7. Bxe7 Nxe7 8.
Qc2 Nxc3 9. Qxc3 O-O 10. Bd3 dxc4 11. Bxc4 Nd5 12. Qc2 c6 13. e4 Qa5+ 14. Qd2
Qxd2+ 15. Kxd2 Nf6 16. Ke3 b6 17. Rac1 Bb7 18. Bd3 Rfd8 19. h3 Nd7 20. Rhd1 c5
21. Bb5 cxd4+ 22. Nxd4 Nc5 23. f3 a6 24. Bc4 Rac8 25. b4 Nd7 26. Bb3 Rxc1 27.
Rxc1 Rc8 28. Rxc8+ Bxc8 29. f4 Kf8 30. e5 Bb7 31. g3 Ke7 32. Bc2 h6 33. Nb3 Nb8
34. a3 Bd5 35. Nd2 a5 36. bxa5 bxa5 37. Kd4 f6 38. exf6+ Kxf6 39. Be4 Bxe4 40.
Nxe4+ Kf5 41. Nd6+ Kf6 42. Nc4 a4 43. Nb6 Nc6+ 44. Kc5 Na5 45. Nxa4 e5 46.
fxe5+ Kxe5 47. Nb2 Ke4 48. Kb5 Nb3 49. a4 Kf3 50. g4 Kg3 51. Nc4 Kxh3 52. Nd2
Nxd2 53. a5 Nb3 54. a6 Nd4+ 55. Kb6 Kxg4 56. a7 g5 57. a8=Q Nf3 58. Kc5 h5 59.
Kc4 Kg3 60. Kd3 g4 61. Ke3 h4 1-0

[Event "Campeonato de Australia 2007-2008"]
[Site "Parramatta AUS"]
[Date "2008.01.03"]
[Round "3.12"]
[White "Broekhuyse, Paul"]
[Black "Hamilton, Douglas"]
[Result "1/2-1/2"]
[WhiteElo "2130"]
[BlackElo "2229"]
[PlyCount "39"]
[EventDate "2008.01.02"]
[EventType "swiss"]
[EventRounds "11"]
[EventCountry "AUS"]
[Source "lmi"]
[SourceDate "2008.01.02"]

1. d4 d5 2. Nf3 e6 3. c4 c5 4. cxd5 exd5 5. Nc3 Nc6 6. g3 Nf6 7. Bg2 Be7 8. O-O
O-O 9. Be3 Ng4 10. Bf4 Be6 11. h3 Nf6 12. Rc1 cxd4 13. Nxd4 Qd7 14. Kh2 Rac8
15. Nxe6 fxe6 16. e4 d4 17. e5 dxc3 18. exf6 Qxd1 19. Rfxd1 Bxf6 20. bxc3
1/2-1/2

[Event "Campeonato de Australia 2007-2008"]
[Site "Parramatta AUS"]
[Date "2008.01.03"]
[Round "3.13"]
[White "Chow, Samuel"]
[Black "Suttor, Vincent"]
[Result "1-0"]
[WhiteElo "2240"]
[BlackElo "2139"]
[PlyCount "109"]
[EventDate "2008.01.02"]
[EventType "swiss"]
[EventRounds "11"]
[EventCountry "AUS"]
[Source "lmi"]
[SourceDate "2008.01.02"]

1. d4 Nf6 2. Bg5 e6 3. e4 c5 4. e5 h6 5. Bc1 Nd5 6. c4 Nb4 7. dxc5 Bxc5 8. Nf3
N4c6 9. Nc3 d6 10. Ne4 Bb4+ 11. Bd2 Bxd2+ 12. Qxd2 dxe5 13. Nd6+ Ke7 14. O-O-O
a6 15. Nxe5 Nxe5 16. Qb4 Qf8 17. Nxc8+ Kf6 18. Qxb7 Qxc8 19. Qxa8 Nec6 20. Rd3
Qc7 21. Rf3+ Ke7 22. Rb3 Qf4+ 23. Kb1 Rd8 24. Bd3 Qxf2 25. Be4 Qc5 26. Qb7+ Ke8
27. Qb6 Qxc4 28. Qe3 Ne7 29. Rc1 Qa4 30. Bc2 Qg4 31. Qg3 Qxg3 32. Rxg3 g6 33.
Rh3 h5 34. g4 Nd5 35. gxh5 Nf4 36. hxg6 Nxh3 37. g7 Ke7 38. Bh7 Nd7 39. g8=Q
Rxg8 40. Bxg8 f5 41. Rc6 Nf4 42. Rxa6 Nf6 43. Ra7+ Kd6 44. Bf7 e5 45. Ra6+ Ke7
46. Bc4 e4 47. Kc2 Ng4 48. h4 Ne3+ 49. Kc3 Neg2 50. Kd4 Nxh4 51. Ke5 Nfg2 52.
Ra7+ Kd8 53. Kd6 Kc8 54. Bd5 Ne3 55. Ra8# 1-0

[Event "Campeonato de Australia 2007-2008"]
[Site "Parramatta AUS"]
[Date "2008.01.03"]
[Round "3.14"]
[White "Wei, Michael"]
[Black "Bjelobrk, Igor"]
[Result "0-1"]
[WhiteElo "2139"]
[BlackElo "2380"]
[PlyCount "66"]
[EventDate "2008.01.02"]
[EventType "swiss"]
[EventRounds "11"]
[EventCountry "AUS"]
[Source "lmi"]
[SourceDate "2008.01.02"]

1. e4 c5 2. Nf3 e6 3. d4 cxd4 4. Nxd4 Nc6 5. Nc3 Qc7 6. Be2 a6 7. Be3 Nf6 8.
O-O Bb4 9. Na4 O-O 10. c4 Bd6 11. g3 Nxe4 12. c5 Be5 13. f3 Nxg3 14. Nxc6 Nxe2+
15. Qxe2 dxc6 16. Nb6 Rb8 17. Rad1 Qe7 18. f4 Bc7 19. Qf2 e5 20. f5 f6 21. Qh4
Re8 22. Rf3 Bxb6 23. cxb6 e4 24. Rf4 Bd7 25. Qh5 Rbd8 26. Rh4 Bxf5 27. Rxd8
Qxd8 28. Qxf5 Qd1+ 29. Kf2 g6 30. Rg4 Kf7 31. Qf4 Re5 32. Kg3 g5 33. Qf2 h5 0-1

[Event "Campeonato de Australia 2007-2008"]
[Site "Parramatta AUS"]
[Date "2008.01.03"]
[Round "3.15"]
[White "Booth, Stewart"]
[Black "Pyke, Malcolm"]
[Result "1-0"]
[WhiteElo "2142"]
[BlackElo "2191"]
[PlyCount "91"]
[EventDate "2008.01.02"]
[EventType "swiss"]
[EventRounds "11"]
[EventCountry "AUS"]
[Source "lmi"]
[SourceDate "2008.01.02"]

1. d4 Nf6 2. c4 e6 3. Nf3 Bb4+ 4. Bd2 Qe7 5. Qc2 Bxd2+ 6. Nbxd2 d6 7. e4 e5 8.
d5 O-O 9. Be2 a5 10. O-O Na6 11. a3 Nh5 12. g3 g6 13. Ne1 f5 14. exf5 Bxf5 15.
Qc3 a4 16. Ng2 Nf6 17. Ne3 Bd7 18. f3 Nc5 19. Rf2 b6 20. Qc2 Qg7 21. Re1 Qh6
22. Bd3 Rae8 23. Nd1 b5 24. Ne4 Nfxe4 25. Bxe4 bxc4 26. Qxc4 Rb8 27. Nc3 Rb3
28. Qe2 Rfb8 29. Qc2 Rxb2 30. Qxb2 Rxb2 31. Rxb2 Nb3 32. Rf2 Nc5 33. Bc2 Qf8
34. f4 exf4 35. Rxf4 Qg7 36. Re3 g5 37. Rb4 Qf6 38. Bd1 Bh3 39. Be2 Nb3 40. Rf3
Qh6 41. Ne4 g4 42. Rf4 Nc5 43. Nf6+ Kg7 44. Ne8+ Kg8 45. Rb8 Qg5 46. Nf6+ 1-0

[Event "Campeonato de Australia 2007-2008"]
[Site "Parramatta AUS"]
[Date "2008.01.03"]
[Round "3.16"]
[White "Hacche, David"]
[Black "Morris, James"]
[Result "1/2-1/2"]
[WhiteElo "2182"]
[BlackElo "2096"]
[PlyCount "20"]
[EventDate "2008.01.02"]
[EventType "swiss"]
[EventRounds "11"]
[EventCountry "AUS"]
[Source "lmi"]
[SourceDate "2008.01.02"]

1. d4 Nf6 2. Nf3 c5 3. d5 d6 4. Nc3 g6 5. e4 Bg7 6. h3 Na6 7. Be2 Nc7 8. a4 O-O
9. O-O Rb8 10. Bf4 a6 1/2-1/2

[Event "Campeonato de Australia 2007-2008"]
[Site "Parramatta AUS"]
[Date "2008.01.03"]
[Round "3.18"]
[White "Atzmon-Simon, Barak"]
[Black "Hu, Jason"]
[Result "0-1"]
[WhiteElo "2142"]
[BlackElo "2120"]
[PlyCount "139"]
[EventDate "2008.01.02"]
[EventType "swiss"]
[EventRounds "11"]
[EventCountry "AUS"]
[Source "lmi"]
[SourceDate "2008.01.02"]

1. c4 c6 2. g3 d5 3. Bg2 Nf6 4. Nf3 a6 5. a4 Bf5 6. Nh4 Be4 7. Nf3 Nbd7 8. d3
Bg6 9. Nbd2 e5 10. O-O Bc5 11. Ne1 O-O 12. Nc2 Re8 13. Nb3 Ba7 14. cxd5 Nxd5
15. e4 N5f6 16. Be3 Bxe3 17. Nxe3 Qe7 18. Qc2 Rad8 19. Rfd1 Nf8 20. Qc5 Qc7 21.
Nd5 Nxd5 22. exd5 Nd7 23. Qc3 c5 24. Rac1 Rc8 25. Nd2 b5 26. Qb3 bxa4 27. Qc3
Rb8 28. Ra1 Rb4 29. Rdc1 Reb8 30. Ra2 Rd4 31. Ne4 Rb3 32. Qe1 Rbxd3 33. Nc3 Nb6
34. Bf1 Rd2 35. Bxa6 Qe7 36. Nxa4 Nxd5 37. Nxc5 Nb4 38. Nb3 Rd8 39. Nxd2 Nxa2
40. Bc4 Nxc1 41. Qxc1 Qd6 42. Nf1 h6 43. b3 Qd4 44. Qa3 Rd6 45. Ne3 Rf6 46.
Qa8+ Kh7 47. Qa2 Be4 48. b4 Bb7 49. Qe2 g6 50. Nf1 Kg7 51. b5 Qa1 52. Qc2 Qd4
53. Qe2 h5 54. Nd2 h4 55. Nf1 hxg3 56. hxg3 Bf3 57. Qd3 Qxd3 58. Bxd3 Rd6 59.
Bc2 Be2 60. Bb3 Bxb5 61. Ne3 Rd3 62. Bc2 Rc3 63. Be4 Bc6 64. Bc2 f5 65. Bd1 f4
66. gxf4 exf4 67. Nf1 Bb5 68. Bg4 Rc1 69. Bh3 Bxf1 70. Bxf1 0-1

[Event "Campeonato de Australia 2007-2008"]
[Site "Parramatta AUS"]
[Date "2008.01.03"]
[Round "3.19"]
[White "Malik, Hani"]
[Black "Capilitan, Romeo"]
[Result "1/2-1/2"]
[WhiteElo "2009"]
[BlackElo "2134"]
[PlyCount "40"]
[EventDate "2008.01.02"]
[EventType "swiss"]
[EventRounds "11"]
[EventCountry "AUS"]
[Source "lmi"]
[SourceDate "2008.01.02"]

1. e4 c5 2. Nf3 a6 3. d4 cxd4 4. Nxd4 Nf6 5. Bd3 e5 6. Nf3 d5 7. Nxe5 dxe4 8.
Bb5+ Nbd7 9. Nxd7 Nxd7 10. Bc4 Qc7 11. Qe2 Be7 12. Nc3 Nf6 13. Nxe4 O-O 14. O-O
Bf5 15. Bd3 Rfe8 16. Nxf6+ Bxf6 17. Qf3 Bxd3 18. Qxd3 Rad8 19. Qb3 Rd6 20. Be3
Rde6 1/2-1/2

[Event "Campeonato de Australia 2007-2008"]
[Site "Parramatta AUS"]
[Date "2008.01.04"]
[Round "4.1"]
[White "Lane, Gary William"]
[Black "Solomon, Stephen J"]
[Result "0-1"]
[WhiteElo "2412"]
[BlackElo "2468"]
[PlyCount "87"]
[EventDate "2008.01.02"]
[EventType "swiss"]
[EventRounds "11"]
[EventCountry "AUS"]
[Source "lmi"]
[SourceDate "2008.01.02"]

1. e4 c5 2. Nf3 d6 3. d4 cxd4 4. Nxd4 Nf6 5. Nc3 a6 6. a4 Nc6 7. Be2 e6 8. O-O
Be7 9. Be3 O-O 10. f4 Qc7 11. Bf3 Bd7 12. Qe1 Nxd4 13. Bxd4 e5 14. Be3 exf4 15.
Bxf4 Be6 16. Kh1 Nd7 17. Nd5 Bxd5 18. exd5 Bf6 19. c3 Be5 20. Be3 f5 21. Qd2
Rae8 22. Rae1 Qc4 23. a5 Qh4 24. Bg1 Rc8 25. Qf2 Qa4 26. Ra1 Qc4 27. Rfd1 Nc5
28. Be2 Qe4 29. Ra3 Qc2 30. Bf3 Qxf2 31. Bxf2 g5 32. g3 g4 33. Bg2 Kg7 34. Kg1
h5 35. Bd4 Rfe8 36. Ra2 Bxd4+ 37. Rxd4 Re2 38. Bf1 Rc2 39. Rf4 Kg6 40. Rf2 Rc1
41. Ra3 Re8 42. c4 Ree1 43. Rc3 Rb1 44. b4 0-1

[Event "Campeonato de Australia 2007-2008"]
[Site "Parramatta AUS"]
[Date "2008.01.04"]
[Round "4.2"]
[White "Klein, Felix"]
[Black "Antic, Dejan"]
[Result "0-1"]
[WhiteElo "2205"]
[BlackElo "2480"]
[PlyCount "108"]
[EventDate "2008.01.02"]
[EventType "swiss"]
[EventRounds "11"]
[EventCountry "AUS"]
[Source "lmi"]
[SourceDate "2008.01.02"]

1. e4 c5 2. Nf3 e6 3. d4 cxd4 4. Nxd4 Nf6 5. Nc3 Nc6 6. Nxc6 bxc6 7. e5 Nd5 8.
Ne4 Qc7 9. f4 Qb6 10. c4 Bb4+ 11. Ke2 f5 12. Nf2 Bc5 13. Nd3 Ne3 14. Qa4 Nxf1
15. Rxf1 Bd4 16. c5 Bxc5 17. Nxc5 Qxc5 18. Be3 Qb5+ 19. Qxb5 cxb5 20. Rac1 Bb7
21. Rc7 Bd5 22. Rfc1 a5 23. Bb6 a4 24. a3 Rg8 25. g3 h6 26. h4 g5 27. Rc8+ Ke7
28. Rxa8 Rxa8 29. Be3 gxh4 30. gxh4 Kf7 31. Rg1 Rc8 32. Rc1 Bc4+ 33. Kf2 Kg6
34. Kg3 Rg8 35. Kh3 Kf7 36. Rg1 Rb8 37. Bd2 Bd5 38. Bc3 Rc8 39. Kh2 Rc4 40. Kg3
Kg6 41. Kh3+ Kh5 42. Kg3 b4 43. Bxb4 Rc2 44. Bc3 Re2 45. Re1 Rg2+ 46. Kh3 Rg4
47. Bd2 Rxh4+ 48. Kg3 Rg4+ 49. Kf2 Rg2+ 50. Ke3 Kg4 51. Rc1 Bc6 52. Rc4 Bb5 53.
Rc2 h5 54. Kd4 h4 0-1

[Event "Campeonato de Australia 2007-2008"]
[Site "Parramatta AUS"]
[Date "2008.01.04"]
[Round "4.3"]
[White "Ly, Moulthun"]
[Black "Van Riemsdijk, Herman Claudius"]
[Result "1/2-1/2"]
[WhiteElo "2319"]
[BlackElo "2391"]
[PlyCount "110"]
[EventDate "2008.01.02"]
[EventType "swiss"]
[EventRounds "11"]
[EventCountry "AUS"]
[Source "lmi"]
[SourceDate "2008.01.02"]

1. e4 e5 2. Nf3 Nc6 3. Bb5 a6 4. Ba4 Nf6 5. O-O Be7 6. Re1 b5 7. Bb3 O-O 8. c3
d6 9. h3 Na5 10. Bc2 c5 11. d4 Qc7 12. Nbd2 cxd4 13. cxd4 Bb7 14. d5 Bc8 15. b3
Nb7 16. Nf1 a5 17. Bb2 Nc5 18. Ng3 g6 19. Qd2 b4 20. Rac1 Re8 21. Nh2 Qb6 22.
Kh1 a4 23. f4 Nfd7 24. Ng4 f6 25. Rf1 axb3 26. axb3 Ra2 27. Rb1 Bf8 28. fxe5
dxe5 29. Rf3 h5 30. Ne3 Bh6 31. Qf2 Ba6 32. Nef5 Kh7 33. Nxh6 Kxh6 34. Nxh5
gxh5 35. Rg3 Rxb2 36. Rxb2 Re7 37. Qe3+ Kh7 38. Qf3 Rg7 39. Qxh5+ Kg8 40. Rxg7+
Kxg7 41. Bd1 Bd3 42. Qg4+ Kf8 43. Bf3 Qa6 44. Kh2 Qa1 45. Rf2 Qd4 46. Ra2 Bxe4
47. Bxe4 Qxe4 48. Qxe4 Nxe4 49. Ra4 f5 50. Rxb4 Ndf6 51. Rb6 Kf7 52. Re6 Nd7
53. b4 Nef6 54. Rd6 Ke7 55. Re6+ Kf7 1/2-1/2

[Event "Campeonato de Australia 2007-2008"]
[Site "Parramatta AUS"]
[Date "2008.01.04"]
[Round "4.4"]
[White "Johansen, Darryl Keith"]
[Black "Ikeda, Junta"]
[Result "1-0"]
[WhiteElo "2475"]
[BlackElo "2201"]
[PlyCount "65"]
[EventDate "2008.01.02"]
[EventType "swiss"]
[EventRounds "11"]
[EventCountry "AUS"]
[Source "lmi"]
[SourceDate "2008.01.02"]

1. c4 c5 2. Nf3 Nf6 3. Nc3 e6 4. g3 b6 5. Bg2 Bb7 6. O-O d6 7. Re1 Nbd7 8. e4
Be7 9. d4 cxd4 10. Nxd4 Qc7 11. f4 Rd8 12. Be3 a6 13. Rc1 O-O 14. Bf2 g6 15. f5
gxf5 16. Nd5 exd5 17. cxd5 Qb8 18. Nc6 Bxc6 19. dxc6 Nc5 20. exf5 Rfe8 21. b4
d5 22. bxc5 Bxc5 23. Bxc5 bxc5 24. Qd2 Qd6 25. c7 Rc8 26. Rxe8+ Rxe8 27. Bxd5
Nxd5 28. Rd1 Rc8 29. Qg5+ Kf8 30. f6 Qxf6 31. Qxf6 Nxf6 32. Rd8+ Ke7 33. Rxc8
1-0

[Event "Campeonato de Australia 2007-2008"]
[Site "Parramatta AUS"]
[Date "2008.01.04"]
[Round "4.5"]
[White "Rej, Tomek"]
[Black "Goldenberg, Igor"]
[Result "1/2-1/2"]
[WhiteElo "2283"]
[BlackElo "2395"]
[PlyCount "63"]
[EventDate "2008.01.02"]
[EventType "swiss"]
[EventRounds "11"]
[EventCountry "AUS"]
[Source "lmi"]
[SourceDate "2008.01.02"]

1. d4 d5 2. c4 c6 3. Nc3 Nf6 4. Nf3 dxc4 5. a4 Bf5 6. Ne5 Nbd7 7. Nxc4 Nb6 8.
Ne5 e6 9. g3 Bb4 10. Bg5 Nbd5 11. Qb3 Qa5 12. Nc4 Qc7 13. Bg2 Ne4 14. Bxe4 Bxe4
15. f3 Bg6 16. e4 b5 17. axb5 cxb5 18. Nd2 h6 19. Nxd5 exd5 20. Qxb4 hxg5 21.
O-O dxe4 22. Nxe4 Bxe4 23. Rae1 f6 24. Qxb5+ Kf7 25. fxe4 Rhd8 26. Qxg5 Rxd4
27. e5 Qb6 28. e6+ Kg8 29. Qe3 Re8 30. Qf2 Rd6 31. e7 Kf7 32. Qxb6 1/2-1/2

[Event "Campeonato de Australia 2007-2008"]
[Site "Parramatta AUS"]
[Date "2008.01.04"]
[Round "4.6"]
[White "Canfell, Gregory"]
[Black "Boyd, Tristan"]
[Result "0-1"]
[WhiteElo "2315"]
[BlackElo "2270"]
[PlyCount "100"]
[EventDate "2008.01.02"]
[EventType "swiss"]
[EventRounds "11"]
[EventCountry "AUS"]
[Source "lmi"]
[SourceDate "2008.01.02"]

1. Nf3 Nf6 2. d4 g6 3. c4 Bg7 4. Nc3 O-O 5. Bf4 d5 6. Qb3 dxc4 7. Qxc4 Na6 8.
e4 c5 9. d5 e6 10. O-O-O exd5 11. exd5 Bf5 12. h3 Qa5 13. g4 Bd7 14. Ne5 Rad8
15. a3 Ne8 16. Qb3 Nd6 17. Nc4 Nxc4 18. Bxc4 b5 19. Nxb5 Rb8 20. a4 Rb7 21. Kb1
Nb4 22. Rhe1 a6 23. Nc3 Bc8 24. Qa3 Qd8 25. Be3 Qa5 26. Re2 Re8 27. Red2 Bd7
28. Rc1 f5 29. d6+ Kh8 30. Nd5 fxg4 31. hxg4 Bxg4 32. Ne7 Bf6 33. Bf7 Rexe7 34.
dxe7 Bf5+ 35. Ka1 Rxe7 36. Bb3 Nd3 37. Rcd1 Rd7 38. Bc4 Nxb2 39. Rxb2 Rxd1+ 40.
Ka2 Rd8 41. Bxc5 Re8 42. Be3 Qe5 43. Bxa6 Be6+ 44. Kb1 Bf5+ 45. Ka1 Rb8 46. Bc1
Qe1 47. Ka2 Be6+ 48. Kb1 Rxb2+ 49. Qxb2 Bxb2 50. Kxb2 Qxf2+ 0-1

[Event "Campeonato de Australia 2007-2008"]
[Site "Parramatta AUS"]
[Date "2008.01.04"]
[Round "4.7"]
[White "Lazarus, Benjamin"]
[Black "Sales, Jesse Noel"]
[Result "0-1"]
[WhiteElo "2123"]
[BlackElo "2126"]
[PlyCount "76"]
[EventDate "2008.01.02"]
[EventType "swiss"]
[EventRounds "11"]
[EventCountry "AUS"]
[Source "lmi"]
[SourceDate "2008.01.02"]

1. e4 c5 2. Nf3 a6 3. c4 e6 4. Nc3 Qc7 5. Be2 Nf6 6. O-O Nc6 7. d4 cxd4 8. Nxd4
h5 9. Be3 Ng4 10. Bxg4 hxg4 11. g3 Ne5 12. Bf4 Qc5 13. Nb3 Nf3+ 14. Qxf3 gxf3
15. Nxc5 Bxc5 16. Rad1 b6 17. Rd3 Bb7 18. Rxf3 f5 19. Re1 Bb4 20. Rd1 Bxc3 21.
Rxc3 Bxe4 22. h4 Bc6 23. Kf1 b5 24. c5 b4 25. Rcc1 a5 26. Ke2 Kf7 27. Ke3 Bd5
28. a3 Ra7 29. Rd3 Rc8 30. a4 Ra6 31. Kd4 Rac6 32. Be3 d6 33. b3 Be4 34. cxd6
Rxc1 35. d7 Rd8 36. Ke5 Bxd3 37. Kd6 Rxd7+ 38. Kxd7 Rc3 0-1

[Event "Campeonato de Australia 2007-2008"]
[Site "Parramatta AUS"]
[Date "2008.01.04"]
[Round "4.8"]
[White "Bjelobrk, Igor"]
[Black "Illingworth, Max"]
[Result "1-0"]
[WhiteElo "2380"]
[BlackElo "2201"]
[PlyCount "119"]
[EventDate "2008.01.02"]
[EventType "swiss"]
[EventRounds "11"]
[EventCountry "AUS"]
[Source "lmi"]
[SourceDate "2008.01.02"]

1. d4 Nf6 2. c4 e6 3. Nc3 Bb4 4. a3 Bxc3+ 5. bxc3 O-O 6. e3 c5 7. Bd3 Nc6 8. e4
d6 9. Ne2 e5 10. d5 Ne7 11. f3 Bd7 12. a4 b6 13. Be3 Ng6 14. O-O h6 15. Qd2 Qe7
16. Ng3 Rfe8 17. Nf5 Bxf5 18. exf5 Nf8 19. Be2 e4 20. f4 g6 21. fxg6 fxg6 22.
g4 N8h7 23. Rf2 Rf8 24. Raf1 Qd7 25. Qd1 Qg7 26. h4 Nd7 27. Qd2 Rae8 28. g5 Rf5
29. a5 h5 30. Ra1 Nhf8 31. Bf1 Re7 32. Qc1 bxa5 33. Rxa5 Nb6 34. Qa3 Rb7 35.
Rb5 Qc7 36. Qa6 Nfd7 37. Bh3 Kg7 38. Re2 Rb8 39. Bxf5 gxf5 40. Ra2 Rb7 41. Rb3
Kg6 42. Kf2 Qb8 43. Rab2 Rc7 44. Rb5 Rb7 45. Qa2 Rc7 46. Ra5 Rb7 47. Rbb5 Qc7
48. Ra6 Qb8 49. Kg3 Kg7 50. Rba5 Nc8 51. Qa4 Ncb6 52. Qd1 Kg6 53. Qe2 Nc8 54.
Bxc5 Rb2 55. Bxd6 Nxd6 56. Rxd6+ Qxd6 57. Qxb2 a6 58. Qb7 Nc5 59. Rxc5 Qxc5 60.
Qc6+ 1-0

[Event "Campeonato de Australia 2007-2008"]
[Site "Parramatta AUS"]
[Date "2008.01.04"]
[Round "4.9"]
[White "Booth, Stewart"]
[Black "Chow, Samuel"]
[Result "0-1"]
[WhiteElo "2142"]
[BlackElo "2240"]
[PlyCount "46"]
[EventDate "2008.01.02"]
[EventType "swiss"]
[EventRounds "11"]
[EventCountry "AUS"]
[Source "lmi"]
[SourceDate "2008.01.02"]

1. d4 Nf6 2. c4 g6 3. Nc3 d5 4. Nf3 Bg7 5. Qb3 dxc4 6. Qxc4 O-O 7. e4 a6 8. a4
b5 9. Qb3 c5 10. dxc5 Be6 11. Qc2 b4 12. Nd1 b3 13. Qb1 Qa5+ 14. Bd2 Qxc5 15.
Bc3 Nc6 16. Ne3 Ng4 17. Bxg7 Nxe3 18. fxe3 Qxe3+ 19. Be2 Bc4 20. Qd1 Rfd8 21.
Nd2 Kxg7 22. Rc1 Ne5 23. Rc3 Nd3+ 0-1

[Event "Campeonato de Australia 2007-2008"]
[Site "Parramatta AUS"]
[Date "2008.01.04"]
[Round "4.10"]
[White "Hamilton, Douglas"]
[Black "Oliver, Gareth"]
[Result "1-0"]
[WhiteElo "2229"]
[BlackElo "2164"]
[PlyCount "49"]
[EventDate "2008.01.02"]
[EventType "swiss"]
[EventRounds "11"]
[EventCountry "AUS"]
[Source "lmi"]
[SourceDate "2008.01.02"]

1. d4 Nf6 2. c4 g6 3. Nc3 Bg7 4. Nf3 O-O 5. e4 d6 6. h3 c5 7. d5 e6 8. Bd3 exd5
9. cxd5 Nfd7 10. O-O Ne5 11. Nxe5 Bxe5 12. Bh6 Re8 13. f4 Bd4+ 14. Kh2 a6 15.
a4 Qa5 16. Qf3 Nd7 17. Rae1 Bxc3 18. bxc3 Qxc3 19. Re3 Qf6 20. Qg3 Rb8 21. e5
Qh8 22. e6 f5 23. Bxf5 Nf8 24. Bb1 Qf6 25. f5 1-0

[Event "Campeonato de Australia 2007-2008"]
[Site "Parramatta AUS"]
[Date "2008.01.04"]
[Round "4.11"]
[White "Pecori, Ascaro"]
[Black "Broekhuyse, Paul"]
[Result "1-0"]
[WhiteElo "2129"]
[BlackElo "2130"]
[PlyCount "84"]
[EventDate "2008.01.02"]
[EventType "swiss"]
[EventRounds "11"]
[EventCountry "AUS"]
[Source "lmi"]
[SourceDate "2008.01.02"]

1. d4 Nf6 2. Nf3 e6 3. Bf4 c5 4. e3 Qb6 5. Qc1 Nc6 6. c3 d5 7. Nbd2 Be7 8. h4
Bd7 9. Bd3 Rc8 10. Qb1 cxd4 11. exd4 Na5 12. b4 Nc4 13. a4 Nh5 14. Bh2 Nxd2 15.
Kxd2 a5 16. b5 Nf6 17. Ne5 Bb4 18. cxb4 Qxd4 19. Ke2 axb4 20. Rd1 Nh5 21. Kf1
Nf4 22. Nf3 Qf6 23. Bxf4 Qxf4 24. Qb2 O-O 25. Rab1 Ra8 26. Bc2 Rfc8 27. Rd4 Qc7
28. Bb3 e5 29. Rxd5 e4 30. Nd4 Bh3 31. gxh3 Qh2 32. Rh5 Rc3 33. Ne2 Rd8 34. Rd1
Rcd3 35. Rxd3 exd3 36. Ng3 g6 37. Bxf7+ Kxf7 38. Rxh7+ Ke6 39. Qb3+ Rd5 40.
Qxb4 Rh5 41. Re7+ Kd5 42. Rd7+ Ke6 1-0